005250000a22001810004500003001100000005001700011008004100028020001500069040003900084041000800123082001500131100001600146245006000162260002800222300001900250650003200269650004200301LK-CoMWRAF20240701112653.0230817t1997 ||||| |||| 00| 0 eng d a9559614118 aLK-CoMWRAFdLK-CoMWRAFeLK-CoMWRAF aeng a305.8bSAM aSameem, A.M aMuslims of Sri Lanka:bproblems of a minority community aColombo:bAuthor,c1997 a 80 p. ; 18 cm aMUSLIMS- Sri Lanka -History aMuslims- Sri Lanka- Social conditions